Guia de cooperació empresarial : consolidació d'empreses de recent creació / Jordi Martí i Costa consolidació d'empreses de recent creació / Jordi Martí i Costa
Publicado:
Barcelona :
Diputació de Barcelona. Àrea de Desenvolupament Econòmic. Servei de Teixit Productiu ,
2008
Descripción Física:
111 p. ; 30 cm
MARC
| LEADER | 00000nam a2200000Ia 4500 | ||
|---|---|---|---|
| 001 | 20735 | ||
| 003 | BGR | ||
| 005 | 20260324180106.0 | ||
| 008 | 160829s2008 xx 000 0 cat d | ||
| 080 | |a M-6-82 | ||
| 100 | |a Martí i Costa, Jordi |9 46101 | ||
| 245 | |a Guia de cooperació empresarial : |b consolidació d'empreses de recent creació / Jordi Martí i Costa | ||
| 260 | |a Barcelona : |b Diputació de Barcelona. Àrea de Desenvolupament Econòmic. Servei de Teixit Productiu, |c 2008 | ||
| 300 | |a 111 p. ; |c 30 cm | ||
| 590 | |a A la coberta: Indra | ||
| 650 | |a Cooperació |9 46102 | ||
| 650 | |a Empreses petites i mitjanes |9 41213 | ||
| 710 | |a Barcelona (Catalunya : Província). |b Servei de Teixit Productiu |9 53474 | ||
| 710 | 2 | |a Indra (Projecte) |9 71041 | |
| 901 | |a Arxiu | ||
| 942 | |n 1 |2 udc |c MON | ||
| 952 | |0 0 |1 0 |4 0 |6 M682 |7 1 |9 52993 |a Arxiu |b Arxiu |d 2016-12-01 |l 0 |o M-6-82 |p 20735 |r 2016-12-01 00:00:00 |w 2016-12-01 |y ARXIU | ||
| 999 | |c 56842 |d 56842 | ||